Online marketing vybraného obchodného reťazca bakalárska práca

Enregistré dans:
Détails bibliographiques
Auteur principal: Vitálošová, Simona
Collectivité auteur: Obchodná fakulta EU. Katedra marketingu
Autres auteurs: Klepochová, Dagmar, 1968-
Format: Livre
Langue:slovaque
Publié: Bratislava 2021
Tags: Ajouter un tag
Pas de tags, Soyez le premier à ajouter un tag!

MARC

LEADER 00000nbm a2200000 4500
001 0275977
005 20220127122901.0
041 0 |a slo 
044 |a SK 
245 1 0 |a Online marketing vybraného obchodného reťazca  |b bakalárska práca  |c Simona Vitálošová ; školiteľ: Dagmar Klepochová 
264 1 |a Bratislava  |c 2021 
300 |a 48 s. 
100 1 |a Vitálošová, Simona 
700 1 |a Klepochová, Dagmar, 1968- 
710 2 |a Obchodná fakulta EU. Katedra marketingu